000
00179 a2200097 4500
020
_a
9788496514751
041
_a
spa
100
_a
Gil,Carmen
245
_a
El tesoro de
942
_c
BK
999
_c
9968
_d
9968